| 000 | 00935nam a2200289 i 4500 | ||
|---|---|---|---|
| 003 | EG-GICUC | ||
| 005 | 20260506174248.0 | ||
| 008 | 260506s1935 fr d|||fr|||| 00| 0 fre d | ||
| 040 |
_aEG-GiCUC _bfre _cEG-GiCUC _dEG-GiCUC _eRda |
||
| 082 | 0 | 4 |
_221 _a343.370611 _bMÉ . T |
| 092 | 0 | 4 | _221 |
| 099 | _aLaw1 10 343.370611 MÉ . T 1935 | ||
| 100 | 1 |
_aMédam, Paul _eAuteur |
|
| 245 | 1 | 4 |
_aLes Tribunaux Criminels Français De Tunisie / _cPaul Médam. |
| 264 | 1 |
_aParis : _bLibrairik Du Recueil Sirey, _c1935. |
|
| 300 |
_a114 page : _bCharts; _c 24 cm. |
||
| 336 |
_2rda contenu _a texte |
||
| 337 |
_2rda medias _aOrdinateur |
||
| 338 |
_2 transporteur rda _a Ressource en ligne |
||
| 504 | _aBibliography: pages 97-99 | ||
| 650 | 1 |
_aProcès Criminel _2qrmak |
|
| 650 | 1 |
_aDroit De Pénal _2qrmak |
|
| 651 | 1 | _2qrmak | |
| 856 | 4 | 0 | _uhttps://fll.law.cu.edu.eg/fulltext/bks/B10-11470.pdf |
| 905 | _a54 | ||
| 942 |
_2ddc _cBK _e21 _n0 |
||
| 999 |
_c76044 _d76044 |
||